LEADER 00967nam0 2200265 450 001 000036949 005 20250129101102.0 010 $a88-85982-03-4 100 $a20250129d1992----km-y0itay50------ba 101 0 $aita 102 $aIT 105 $ay-------001yy 200 1 $aStoria della consulenza di direzione in Italia$eprotagonisti, idee, tendenze evolutive$fGiuliano Faliva, Ferdinando Pennarola 210 $aMilano$cEdizioni Olivares$d1992 215 $a343 p.$d22 cm 410 0$12001 500 10$aStoria della consulenza di direzione in Italia$9493151 676 $a658.4609$v22$9Direzione d'azienda. Uso dei consulenti. Storia e geografia 700 1$aFaliva,$bGiuliano$0379253 701 1$aPennarola,$bFerdinando$0116337 801 0$aIT$bUNIPARTHENOPE$c20250129$gREICAT$2UNIMARC 912 $a000036949 951 $aDISAE 511/117$b3805 ex St.Az.$cNAVA2$d2025 996 $aStoria della consulenza di direzione in Italia$9493151 997 $aUNIPARTHENOPE